| Tag |
First Indicator |
Second Indicator |
Subfields |
| LEADER |
00000cam a2200000 a 4500 |
| 001 |
in00000020725 |
| 005 |
20151007055443.0 |
| 008 |
871002s1988 miua bf 00110 eng |
| 010 |
|
|
|a 87029678
|
| 020 |
|
|
|a 0873711025 :
|c $39.95
|
| 035 |
|
|
|a (OCoLC)16873245
|
| 035 |
|
|
|9 AAB8288AM
|
| 040 |
|
|
|a DLC
|c DLC
|d TXA
|d UtOrBLW
|
| 043 |
|
|
|a n-us---
|
| 049 |
|
|
|a TXAM
|c [A11507436]
|
| 050 |
0 |
0 |
|a TD811.5
|b .P47 1988
|
| 082 |
0 |
|
|a 628.5
|2 19
|
| 100 |
1 |
|
|a Phifer, Russell W.
|
| 245 |
1 |
0 |
|a Handbook of hazardous waste management for small quantity generators /
|c Russell W. Phifer, William R. McTigue, Jr.
|
| 264 |
|
1 |
|a Chelsea, Mich. :
|b Lewis Publishers,
|c [1988]
|
| 264 |
|
4 |
|c ©1988
|
| 300 |
|
|
|a xv, 198 pages :
|b illustrations ;
|c 24 cm.
|
| 336 |
|
|
|a text
|b txt
|2 rdacontent
|
| 337 |
|
|
|a unmediated
|b n
|2 rdamedia
|
| 338 |
|
|
|a volume
|b nc
|2 rdacarrier
|
| 504 |
|
|
|a Bibliography: page 130.
|
| 500 |
|
|
|a Includes index.
|
| 650 |
|
0 |
|a Hazardous wastes
|z United States
|x Management
|x Handbooks, manuals, etc.
|
| 650 |
|
0 |
|a Hazardous wastes
|x Law and legislation
|z United States
|x Handbooks, manuals, etc.
|
| 700 |
1 |
|
|a McTigue, William R.
|
| 999 |
|
|
|a MARS
|
| 999 |
f |
f |
|s fea68e60-c000-3072-9848-7e837859f70b
|i 18edff0f-a355-3b6f-8e5b-a0cb8d537443
|t 0
|
| 952 |
f |
f |
|p ric
|a Texas A&M University
|b Rellis Campus
|c Joint Library Facility
|d Remote Storage
|t 0
|e TD811.5 .P47 1988
|h Library of Congress classification
|i unmediated -- volume
|m A14811507436
|
| 998 |
f |
f |
|a TD811.5 .P47 1988
|t 0
|l Remote Storage
|